[Event "CZE-chT U18 Extraliga Ost 1718"]
[Site "Czech Republic"]
[Date "2017.11.25"]
[Round "5.5"]
[White "Pilch, David"]
[Black "Nytra, Ondrej"]
[Result "1/2-1/2"]
[WhiteElo "1675"]
[BlackElo "1684"]
[PlyCount "84"]
[EventDate "2017.10.07"]
[EventType "team-tourn"]
[EventRounds "11"]
[EventCountry "CZE"]
[SourceTitle "EXT 2023"]
[Source "ChessBase"]
[SourceDate "2022.10.05"]
[SourceVersion "1"]
[SourceVersionDate "2022.10.05"]
[SourceQuality "1"]
[WhiteTeam "Orlova Slavia (U18)"]
[BlackTeam "Frydek Mistek BSS (U18)"]
[WhiteTeamCountry "CZE"]
[BlackTeamCountry "CZE"]

1. d4 d5 2. c4 e6 3. Nc3 c6 4. e3 Nf6 5. Nf3 Nbd7 6. cxd5 exd5 7. Bd3 Bd6 8. e4 dxe4 9. Nxe4 Nxe4 10. Bxe4 Nf6 11. Bc2 0-0 12. 0-0 Nd5 13. Re1 Re8 14. Bd2 h6 15. Ne5 Qc7 16. Bc3 Nxc3 17. bxc3 Bxe5 18. Rxe5 Rxe5 19. dxe5 Be6 20. Qe2 Rd8 21. a4 Rd5 22. Rd1 Qa5 23. Rxd5 Qxd5 24. Qd1 Qxd1+ 25. Bxd1 a5 26. Kf1 b5 27. Ke2 Kf8 28. Ke3 Ke7 29. Kd4 b4 30. c4 Kd7 31. Kc5 Kc7 32. Bb3 f6 33. f4 Bf5 34. g3 fxe5 35. fxe5 g6 36. h4 h5 37. Kd4 Kb6 38. Ke3 c5 39. Kf4 Kc6 40. Kg5 Kd7 41. Kf6 Bg4 42. Kf7 Bf5 1/2-1/2

[Event "CZE-chT U18 Extraliga Ost 1718"]
[Site "Czech Republic"]
[Date "2017.10.08"]
[Round "3.4"]
[White "Pilch, David"]
[Black "Richterova, Julie"]
[Result "1/2-1/2"]
[WhiteElo "1675"]
[BlackElo "1736"]
[PlyCount "82"]
[EventDate "2017.10.07"]
[EventType "team-tourn"]
[EventRounds "11"]
[EventCountry "CZE"]
[SourceTitle "EXT 2023"]
[Source "ChessBase"]
[SourceDate "2022.10.05"]
[SourceVersion "1"]
[SourceVersionDate "2022.10.05"]
[SourceQuality "1"]
[WhiteTeam "Orlova Slavia (U18)"]
[BlackTeam "Kurim (U18)"]
[WhiteTeamCountry "CZE"]
[BlackTeamCountry "CZE"]

1. d4 d5 2. c4 c6 3. Nc3 Nf6 4. e3 e6 5. Nf3 Nbd7 6. Qc2 Qa5 7. Bd2 Bb4 8. cxd5 Nxd5 9. Bd3 N5f6 10. 0-0 0-0 11. a3 Bxc3 12. Bxc3 Qc7 13. Rac1 Re8 14. b4 b6 15. Bb2 Bb7 16. Ne5 Rac8 17. Nxd7 Qxd7 18. Qa4 Nd5 19. Rc2 Rc7 20. Rfc1 Rec8 21. g3 Ba8 22. Be4 Qd6 23. Qb3 Nf6 24. Bg2 Nd7 25. Qc3 Nf6 26. Qb3 Bb7 27. a4 Ba6 28. Ba3 Qd7 29. Rc3 h6 30. Qc2 Nd5 31. Bxd5 Qxd5 32. Qb3 Qf3 33. Qd1 Be2 34. Qd2 Qh5 35. f4 Bf3 36. Qf2 Bd5 37. Re1 Qf5 38. Qc2 Be4 39. Qf2 Qg4 40. Qe2 Qg6 41. Qd2 Bd5 1/2-1/2

[Event "Karvina op"]
[Site "Karvina"]
[Date "2016.07.05"]
[Round "4"]
[White "Pilch, David"]
[Black "Sawicki, Mikolaj"]
[Result "0-1"]
[WhiteElo "1663"]
[BlackElo "1987"]
[PlyCount "58"]
[EventDate "2016.07.02"]
[EventType "swiss"]
[EventRounds "9"]
[EventCountry "CZE"]
[SourceTitle "EXT 2017"]
[Source "ChessBase"]
[SourceDate "2016.10.25"]
[SourceVersion "1"]
[SourceVersionDate "2016.10.25"]
[SourceQuality "1"]

1. d4 d6 2. c4 f5 3. Nf3 Nf6 4. Nc3 g6 5. Bg5 Bg7 6. e3 0-0 7. Be2 c6 8. 0-0 Qe8 9. Qc2 Na6 10. Rfd1 e5 11. dxe5 dxe5 12. Bxf6 Bxf6 13. a3 Be6 14. b4 g5 15. Na4 g4 16. Ne1 Rc8 17. Rac1 Qe7 18. Nd3 b6 19. Rd2 Nc7 20. Nab2 h5 21. g3 Ne8 22. Rf1 Nd6 23. Ne1 h4 24. Kg2 Rf7 25. f4 hxg3 26. hxg3 Rh7 27. Nbd3 Nxc4 28. Kf2 Rh2+ 29. Ng2 Rxg2+ 0-1

[Event "Karvina op"]
[Site "Karvina"]
[Date "2013.07.07"]
[Round "9"]
[White "Pilch, David"]
[Black "Folwarczny, Marek"]
[Result "1/2-1/2"]
[WhiteElo "1608"]
[BlackElo "1738"]
[PlyCount "51"]
[EventDate "2013.06.29"]
[EventType "swiss"]
[EventRounds "9"]
[EventCountry "CZE"]
[SourceTitle "CBM 155 Extra"]
[Source "ChessBase"]
[SourceDate "2013.08.26"]
[SourceVersion "1"]
[SourceVersionDate "2013.08.26"]
[SourceQuality "1"]

1. d4 d5 2. c4 e6 3. Nc3 Nf6 4. Bg5 Be7 5. e3 h6 6. Bxf6 Bxf6 7. cxd5 exd5 8. h3 c6 9. Bd3 g6 10. Nf3 Nd7 11. Qc2 0-0 12. 0-0 b6 13. b4 Bb7 14. Rfc1 c5 15. bxc5 bxc5 16. dxc5 Nxc5 17. Rab1 Rb8 18. Be2 Qd7 19. Nb5 Ne4 20. Nbd4 Rfc8 21. Qd3 Rxc1+ 22. Rxc1 Ba8 23. Qa6 Nd6 24. Nb3 Rb6 25. Qd3 Bc6 26. Nfd4 1/2-1/2

[Event "Karvina op"]
[Site "Karvina"]
[Date "2013.07.05"]
[Round "7"]
[White "Pilch, David"]
[Black "Broda, Michal"]
[Result "1/2-1/2"]
[WhiteElo "1608"]
[BlackElo "1817"]
[PlyCount "99"]
[EventDate "2013.06.29"]
[EventType "swiss"]
[EventRounds "9"]
[EventCountry "CZE"]
[SourceTitle "CBM 155 Extra"]
[Source "ChessBase"]
[SourceDate "2013.08.26"]
[SourceVersion "1"]
[SourceVersionDate "2013.08.26"]
[SourceQuality "1"]

1. d4 Nf6 2. c4 e5 3. e3 Bb4+ 4. Bd2 Qe7 5. Bxb4 Qxb4+ 6. Qd2 Qxd2+ 7. Nxd2 exd4 8. exd4 d5 9. Ngf3 0-0 10. 0-0-0 dxc4 11. Bxc4 Bd7 12. d5 b5 13. Bb3 a5 14. Nb1 Ne4 15. Rhf1 Na6 16. Nc3 Nec5 17. Bc2 Rfe8 18. Rfe1 b4 19. Ne4 a4 20. Nxc5 Nxc5 21. Bb1 b3 22. a3 Bg4 23. Rxe8+ Rxe8 24. Re1 Rxe1+ 25. Nxe1 Kf8 26. f3 Bc8 27. Nd3 Nd7 28. Nb4 Ke7 29. Bf5 g6 30. Bd3 Kd6 31. Kd2 Kc5 32. Ba6 Bxa6 33. Nxa6+ Kd6 34. Kc3 Nb6 35. Kb4 Nxd5+ 36. Kxa4 Ne3 37. Kxb3 Nxg2 38. Nb4 Ne1 39. f4 Nf3 40. a4 Kc5 41. Nd3+ Kb6 42. h3 Ng1 43. Nf2 Ne2 44. Nd3 Nd4+ 45. Kc4 Ne6 46. b4 c6 47. a5+ Kc7 48. b5 cxb5+ 49. Kxb5 Nd4+ 50. Kc4 1/2-1/2

[Event "Karvina op"]
[Site "Karvina"]
[Date "2013.07.03"]
[Round "5"]
[White "Pilch, David"]
[Black "Kutalek, Jan"]
[Result "1-0"]
[WhiteElo "1608"]
[BlackElo "1827"]
[PlyCount "23"]
[EventDate "2013.06.29"]
[EventType "swiss"]
[EventRounds "9"]
[EventCountry "CZE"]
[SourceTitle "CBM 155 Extra"]
[Source "ChessBase"]
[SourceDate "2013.08.26"]
[SourceVersion "1"]
[SourceVersionDate "2013.08.26"]
[SourceQuality "1"]

1. d4 d5 2. c4 c6 3. Nc3 Bf5 4. cxd5 cxd5 5. Qb3 e6 6. Qxb7 Nc6 7. Qxc6+ Ke7 8. Qa4 Qb6 9. e3 Kf6 10. Qd1 Bb4 11. Bd3 Rc8 12. Nge2 1-0

[Event "Karvina op"]
[Site "Karvina"]
[Date "2013.06.29"]
[Round "1"]
[White "Pilch, David"]
[Black "Zimniok, Lubomir"]
[Result "0-1"]
[WhiteElo "1608"]
[BlackElo "2149"]
[PlyCount "106"]
[EventDate "2013.06.29"]
[EventType "swiss"]
[EventRounds "9"]
[EventCountry "CZE"]
[SourceTitle "CBM 155 Extra"]
[Source "ChessBase"]
[SourceDate "2013.08.26"]
[SourceVersion "1"]
[SourceVersionDate "2013.08.26"]
[SourceQuality "1"]

1. d4 Nf6 2. c4 d6 3. Nf3 g6 4. Nc3 Bg7 5. Bg5 0-0 6. e3 c6 7. h3 Bf5 8. Bd3 Bxd3 9. Qxd3 Nbd7 10. 0-0 Re8 11. Rfd1 Qc7 12. Rac1 Rad8 13. Qc2 Nf8 14. Rd2 Qa5 15. Qa4 Qxa4 16. Nxa4 Ne4 17. Rd3 Nxg5 18. Nxg5 h6 19. Nf3 e5 20. Rd2 exd4 21. Nxd4 Nd7 22. Nc3 Nb6 23. b3 d5 24. cxd5 Nxd5 25. Nxd5 Rxd5 26. Rcd1 Kf8 27. Nf3 Rxd2 28. Rxd2 Ke7 29. Kf1 Rc8 30. Ke2 c5 31. Rc2 Kd7 32. Nd2 Rc6 33. Rc4 b5 34. Rc2 Kc7 35. Kd3 Kb6 36. Rc1 Ka5 37. Rc2 Kb4 38. f3 f5 39. Rc1 a5 40. Rc2 a4 41. bxa4 c4+ 42. Ke2 Kxa4 43. e4 fxe4 44. fxe4 Kb4 45. Ke3 Rd6 46. Ke2 Rd3 47. Ke1 Bc3 48. Ke2 Bxd2 49. Rxd2 Rxd2+ 50. Kxd2 Kc5 51. e5 Kd5 52. Kc3 Kxe5 53. a4 bxa4 0-1

[Event "Orlova op 10th"]
[Site "Orlova"]
[Date "2013.05.15"]
[Round "3"]
[White "Pilch, David"]
[Black "Zabystrzan, Pavel"]
[Result "0-1"]
[WhiteElo "1598"]
[BlackElo "2319"]
[PlyCount "48"]
[EventDate "2013.05.13"]
[EventType "swiss"]
[EventRounds "9"]
[EventCountry "CZE"]
[SourceTitle "CBM 154 Extra"]
[Source "ChessBase"]
[SourceDate "2013.06.25"]
[SourceVersion "2"]
[SourceVersionDate "2013.06.25"]
[SourceQuality "1"]

1. d4 Nf6 2. c4 c5 3. e3 g6 4. Nf3 Bg7 5. Nc3 0-0 6. Be2 Na6 7. 0-0 d6 8. b3 b6 9. Bb2 Bb7 10. Qd2 Nc7 11. Rfd1 Qd7 12. Rac1 Rfd8 13. h3 Qe8 14. Qc2 Rac8 15. Rd2 Ne6 16. Rcd1 cxd4 17. Nxd4 Nxd4 18. exd4 d5 19. Bf3 Qd7 20. cxd5 Nxd5 21. Qd3 e6 22. Ne2 Bh6 23. Bxd5 Qxd5 24. f3 Bxd2 0-1

[Event "CZE-ch U14"]
[Site "Kouty nad Desnou"]
[Date "2013.03.14"]
[Round "7"]
[White "Lojek, Marek"]
[Black "Pilch, David"]
[Result "1-0"]
[WhiteElo "1634"]
[BlackElo "1602"]
[PlyCount "103"]
[EventDate "2013.03.09"]
[EventType "swiss"]
[EventRounds "9"]
[EventCountry "CZE"]
[SourceTitle "EXT 2015"]
[Source "ChessBase"]
[SourceDate "2014.11.20"]
[SourceVersion "1"]
[SourceVersionDate "2014.11.20"]
[SourceQuality "1"]

1. e4 d5 2. exd5 Nf6 3. d4 Nxd5 4. c4 Nb4 5. a3 N4c6 6. Nf3 Bg4 7. Be2 e6 8. Be3 Nd7 9. Nc3 Nb6 10. c5 Nd5 11. Nxd5 Qxd5 12. h3 Bh5 13. Qa4 Be7 14. Bc4 Qd7 15. g4 Bg6 16. Bb5 Be4 17. Ne5 Qd5 18. Bc4 Qd8 19. f3 Bd5 20. Bb5 0-0 21. Nxc6 bxc6 22. Bxc6 Bxc6 23. Qxc6 Qd5 24. Qxd5 exd5 25. 0-0-0 c6 26. Rhe1 a5 27. Bf4 Bf6 28. g5 Bd8 29. Bd6 Bxg5+ 30. f4 Bh4 31. Bxf8 Bxe1 32. Bxg7 Kxg7 33. Rxe1 Kg6 34. Re7 a4 35. Rc7 Ra6 36. Rb7 f6 37. Kd2 h6 38. Rb6 Ra7 39. Rxc6 Kf5 40. Rd6 Ke4 41. Kc3 Rb7 42. Rb6 Rg7 43. Rxf6 Rg3+ 44. Kb4 Kxd4 45. c6 Rg7 46. Kb5 Ke4 47. Kb6 d4 48. c7 Rg8 49. Kb7 d3 50. c8Q Rxc8 51. Kxc8 d2 52. Rd6 1-0

[Event "CZE-ch U14"]
[Site "Kouty nad Desnou"]
[Date "2013.03.12"]
[Round "4"]
[White "Bares, Jachym"]
[Black "Pilch, David"]
[Result "1/2-1/2"]
[WhiteElo "1685"]
[BlackElo "1602"]
[PlyCount "63"]
[EventDate "2013.03.09"]
[EventType "swiss"]
[EventRounds "9"]
[EventCountry "CZE"]
[SourceTitle "EXT 2015"]
[Source "ChessBase"]
[SourceDate "2014.11.20"]
[SourceVersion "1"]
[SourceVersionDate "2014.11.20"]
[SourceQuality "1"]

1. e4 d5 2. exd5 Nf6 3. d4 Nxd5 4. Nf3 Bg4 5. c4 Nf6 6. h3 Bxf3 7. Qxf3 c6 8. Be3 e6 9. Be2 Qc7 10. 0-0 Be7 11. Nc3 0-0 12. Rad1 Nbd7 13. Rfe1 Rad8 14. Bd3 Kh8 15. Bc2 Nb6 16. Bf4 Qc8 17. g4 Ng8 18. Be5 Nd7 19. Qd3 f5 20. Bh2 g6 21. Qe3 fxg4 22. hxg4 Rde8 23. g5 e5 24. Bxe5+ Nxe5 25. Qxe5+ Bf6 26. Qg3 Rxe1+ 27. Rxe1 Bxd4 28. Re2 Re8 29. Bxg6 Rxe2 30. Nxe2 Bxf2+ 31. Qxf2 Qg4+ 32. Qg2 1/2-1/2

[Event "CZE-ch U14"]
[Site "Kouty nad Desnou"]
[Date "2013.03.09"]
[Round "1"]
[White "Pilch, David"]
[Black "Danek, Daniel"]
[Result "1/2-1/2"]
[WhiteElo "1602"]
[BlackElo "1806"]
[PlyCount "59"]
[EventDate "2013.03.09"]
[EventType "swiss"]
[EventRounds "9"]
[EventCountry "CZE"]
[SourceTitle "EXT 2015"]
[Source "ChessBase"]
[SourceDate "2014.11.20"]
[SourceVersion "1"]
[SourceVersionDate "2014.11.20"]
[SourceQuality "1"]

1. d4 d5 2. c4 e6 3. Nc3 Nf6 4. Bg5 Be7 5. e3 Nbd7 6. Nf3 h6 7. Bxf6 Nxf6 8. Qc2 c6 9. cxd5 exd5 10. h3 0-0 11. Bd3 Bd6 12. 0-0 Qe7 13. Rfe1 Be6 14. Rad1 Qd7 15. Ne5 Bxe5 16. dxe5 Ne8 17. f4 f5 18. b4 Rc8 19. Na4 b6 20. Rc1 g6 21. Red1 Ng7 22. Be2 Qe7 23. a3 Rfd8 24. Bf3 g5 25. g3 h5 26. Bg2 h4 27. gxh4 gxh4 28. Bf3 Kh8 29. Kh2 Rg8 30. Rg1 1/2-1/2

[Event "Morava-ch U14"]
[Site "Kouty nad Desnou"]
[Date "2012.10.27"]
[Round "8"]
[White "Rakusan, Miroslav"]
[Black "Pilch, David"]
[Result "1/2-1/2"]
[WhiteElo "1802"]
[BlackElo "1602"]
[PlyCount "78"]
[EventDate "2012.10.24"]
[EventType "swiss"]
[EventRounds "9"]
[EventCountry "CZE"]
[SourceTitle "EXT 2015"]
[Source "ChessBase"]
[SourceDate "2014.11.20"]
[SourceVersion "1"]
[SourceVersionDate "2014.11.20"]
[SourceQuality "1"]

1. e4 d5 2. exd5 Nf6 3. d4 Nxd5 4. c4 Nf6 5. Be2 Bf5 6. Nc3 e6 7. Nf3 Be7 8. 0-0 0-0 9. h3 h6 10. Bf4 c6 11. Qb3 Qb6 12. Qxb6 axb6 13. Rfd1 Nbd7 14. Bd3 Bxd3 15. Rxd3 Rfc8 16. Re1 Bd8 17. b3 Bc7 18. Bxc7 Rxc7 19. a4 Rd8 20. Red1 Nf8 21. Ne5 N6d7 22. f4 Nxe5 23. dxe5 Rcd7 24. Rxd7 Rxd7 25. Rxd7 Nxd7 26. Ne4 Nc5 27. Nxc5 bxc5 28. Kf2 Kf8 29. Ke3 Ke7 30. Kd3 Kd7 31. Kc3 Kc7 32. a5 b6 33. axb6+ Kxb6 34. Kb2 Ka5 35. g4 g6 36. Kc2 Kb6 37. h4 Ka6 38. Kd3 Ka5 39. Kc3 Kb6 1/2-1/2

[Event "Morava-ch U14"]
[Site "Kouty nad Desnou"]
[Date "2012.10.26"]
[Round "6"]
[White "Krcil, Ales1111"]
[Black "Pilch, David"]
[Result "1-0"]
[WhiteElo "1717"]
[BlackElo "1602"]
[PlyCount "61"]
[EventDate "2012.10.24"]
[EventType "swiss"]
[EventRounds "9"]
[EventCountry "CZE"]
[SourceTitle "EXT 2015"]
[Source "ChessBase"]
[SourceDate "2014.11.20"]
[SourceVersion "1"]
[SourceVersionDate "2014.11.20"]
[SourceQuality "1"]

1. e4 d5 2. exd5 Nf6 3. Bb5+ Nbd7 4. c4 g6 5. Nf3 Bg7 6. 0-0 0-0 7. Bxd7 Bxd7 8. Nc3 e6 9. dxe6 Bxe6 10. d3 Qe7 11. Re1 Rfd8 12. Bf4 Nh5 13. Bg5 f6 14. Bh4 Qd7 15. Qb3 Nf4 16. Rad1 Nxd3 17. Rxd3 Qxd3 18. Rxe6 Re8 19. c5 Kh8 20. Bxf6 Rxe6 21. Bxg7+ Kxg7 22. Qxe6 Qc2 23. Qe7+ Kg8 24. Qe6+ Kh8 25. Qe5+ Kg8 26. Nd5 Qd1+ 27. Ne1 Rf8 28. h3 Qd2 29. Nf3 Qd1+ 30. Kh2 Rf5 31. Ne7+ 1-0

[Event "Morava-ch U14"]
[Site "Kouty nad Desnou"]
[Date "2012.10.26"]
[Round "5"]
[White "Pilch, David"]
[Black "Kovarik, Matyas"]
[Result "1/2-1/2"]
[WhiteElo "1602"]
[BlackElo "1539"]
[PlyCount "63"]
[EventDate "2012.10.24"]
[EventType "swiss"]
[EventRounds "9"]
[EventCountry "CZE"]
[SourceTitle "EXT 2015"]
[Source "ChessBase"]
[SourceDate "2014.11.20"]
[SourceVersion "1"]
[SourceVersionDate "2014.11.20"]
[SourceQuality "1"]

1. d4 Nf6 2. c4 g6 3. Nc3 Bg7 4. Bg5 0-0 5. e3 d6 6. h3 Nbd7 7. Qc2 e5 8. Bxf6 Bxf6 9. Nf3 Bg7 10. Bd3 f5 11. dxe5 Nxe5 12. Nxe5 Bxe5 13. 0-0 Bd7 14. f4 Bg7 15. e4 Bxc3 16. Qxc3 Rf6 17. exf5 Bxf5 18. Bxf5 Rxf5 19. Rae1 Qd7 20. Re4 Re8 21. Rfe1 Rff8 22. Qe3 Rxe4 23. Qxe4 c6 24. Qe6+ Rf7 25. Qxd7 Rxd7 26. Re2 Kf7 27. Kf2 Re7 28. Rxe7+ Kxe7 29. Ke3 Ke6 30. Ke4 Kf6 31. g4 Ke6 32. Kd4 1/2-1/2

[Event "Morava-ch U14"]
[Site "Kouty nad Desnou"]
[Date "2012.10.24"]
[Round "2"]
[White "Pilch, David"]
[Black "Stuchly, Ondrej"]
[Result "0-1"]
[WhiteElo "1602"]
[BlackElo "1692"]
[PlyCount "64"]
[EventDate "2012.10.24"]
[EventType "swiss"]
[EventRounds "9"]
[EventCountry "CZE"]
[SourceTitle "EXT 2015"]
[Source "ChessBase"]
[SourceDate "2014.11.20"]
[SourceVersion "1"]
[SourceVersionDate "2014.11.20"]
[SourceQuality "1"]

1. d4 d5 2. c4 e6 3. Nc3 Nf6 4. Bg5 Be7 5. e3 Nbd7 6. Nf3 0-0 7. Qc2 a6 8. cxd5 exd5 9. Bd3 h6 10. Bxf6 Nxf6 11. h3 Be6 12. 0-0 c5 13. dxc5 Bxc5 14. Rac1 Rc8 15. Rfd1 b5 16. Qd2 Qb6 17. Ne2 Ne4 18. Bxe4 dxe4 19. Nfd4 Rfd8 20. a3 Bb3 21. Rf1 Bc4 22. Rfd1 f5 23. b4 Be7 24. Qe1 Qf6 25. Rc3 Bd6 26. Qd2 Bd5 27. Kf1 f4 28. Ke1 f3 29. gxf3 exf3 30. Nc1 Qg6 31. Qc2 Qg1+ 32. Kd2 Qxf2+ 0-1

[Event "Karvina op"]
[Site "Karvina"]
[Date "2012.07.06"]
[Round "7"]
[White "Pilch, David"]
[Black "Pawlowski, Roman"]
[Result "0-1"]
[WhiteElo "1613"]
[BlackElo "1778"]
[PlyCount "88"]
[EventDate "2012.06.30"]
[EventType "swiss"]
[EventRounds "9"]
[EventCountry "CZE"]
[SourceTitle "EXT 2014"]
[Source "ChessBase"]
[SourceDate "2013.11.20"]
[SourceVersion "1"]
[SourceVersionDate "2013.11.20"]
[SourceQuality "1"]

1. d4 Nf6 2. c4 e6 3. Nf3 b6 4. Bg5 Be7 5. e3 Bb7 6. Be2 0-0 7. Nc3 d5 8. cxd5 exd5 9. 0-0 Nbd7 10. Qc2 h6 11. Bxf6 Nxf6 12. Rfd1 Rc8 13. Qa4 a5 14. Rac1 c6 15. a3 b5 16. Qb3 Qb6 17. Na4 Qa7 18. Nc5 a4 19. Qc2 Rfe8 20. Bd3 Bd6 21. h3 Rc7 22. Rd2 Nd7 23. Nxd7 Rxd7 24. Qd1 Qb8 25. Rdc2 Rc7 26. Qd2 Ree7 27. Be2 Qe8 28. Ne1 f5 29. Nd3 g5 30. Qd1 Rg7 31. Qf1 f4 32. exf4 gxf4 33. Bf3 Bc8 34. Kh2 Kh8 35. Re2 Qg6 36. Ne5 Bxe5 37. Rxe5 Bf5 38. Rce1 Bd3 39. Be2 Bxe2 40. R1xe2 f3 41. gxf3 Qf6 42. Qb1 Qf4+ 43. Kh1 Qxf3+ 44. Kh2 Qg2# 0-1

[Event "Karvina op"]
[Site "Karvina"]
[Date "2012.07.03"]
[Round "4"]
[White "Hyl, Miroslav"]
[Black "Pilch, David"]
[Result "1/2-1/2"]
[WhiteElo "1520"]
[BlackElo "1613"]
[PlyCount "74"]
[EventDate "2012.06.30"]
[EventType "swiss"]
[EventRounds "9"]
[EventCountry "CZE"]
[SourceTitle "EXT 2014"]
[Source "ChessBase"]
[SourceDate "2013.11.20"]
[SourceVersion "1"]
[SourceVersionDate "2013.11.20"]
[SourceQuality "1"]

1. Nf3 d5 2. d4 e6 3. e3 Nf6 4. c4 c6 5. Nc3 Nbd7 6. Bd3 dxc4 7. Bxc4 Nb6 8. Bd3 Nbd5 9. Nxd5 exd5 10. 0-0 Bg4 11. Be2 Bxf3 12. Bxf3 Bd6 13. Qb3 Qc7 14. g3 0-0 15. Re1 Rfe8 16. a3 Re7 17. Bd2 Qb6 18. Qxb6 axb6 19. b4 b5 20. Bg2 Ne4 21. Bxe4 dxe4 22. Bc3 Rd7 23. Kg2 Bc7 24. Rf1 f5 25. f3 Rf7 26. fxe4 fxe4 27. Rxf7 Kxf7 28. Rf1+ Kg6 29. Bb2 Bd6 30. h4 Rf8 31. Rxf8 Bxf8 32. Kh3 Kf5 33. g4+ Ke6 34. g5 Kf5 35. Bc3 g6 36. Be1 Bd6 37. Bf2 Bc7 1/2-1/2